000 01097nam a22002657a 4500
005 20170124103207.0
010 _aA-677689
020 _c20.00
035 _aA-677689
037 _bCen Lib/Ret
040 _aDPL
_bHN
082 _a181.493
_bकौसल्या
100 _aकौसल्यायन , भदंत आनन्द
_976456
245 _aधम्मपदं /
_c भदंत आनन्द कौसल्यायन
246 _aDhampand
_bby Bhadant Anand Kousalyan
260 _aनागपुर
_bबुद्ध भूमि प्रकाशन
_c1993
270 _aमहेन्द्र नगर
_bनागपुर
_e440017
300 _aviii,108पृष्ठ
_c17सेमी(सजिल्द )
500 _aशब्द सूची सामिल
650 _a दर्शन शास्त्र
_994647
650 _aधम्मपंद - अटठकथा
_9239
650 _a Philosophy
_994648
650 _aDmmpand - Attktha
_994649
942 _2ddc
_cHN
_h181.493
_mकौसल्या
999 _c121104
_d121104